000
00275nam a2200121Ia 4500
008
190216s9999||||xx |||||||||||||| ||und||
100
_a
Khanna.M.L
245
0
_a
Solid Geometry
260
_b
Jaiprakashnath&Co:
_c
1952
300
_a
386p
650
_a
Mathematics
942
_c
BK
999
_c
30547
_d
30547